Olympique Lyonnais : buteurs en coupe d'europe - Statistiques

Statistiques générales
  • Ce quiz a été pris 577 fois
  • Le résultat moyen est 11 sur 18
Statistiques - réponses
Buts Réponse % Correct
15 Lacazette
95%
18 Juninho
90%
10 Fekir
83%
12 Benzema
82%
12 Lisandro
79%
11 Govou
78%
16 Anderson
77%
17 Gomis
75%
4 Tolisso
61%
6 Fred
54%
6 Bastos
51%
7 Cornet
51%
5 Malouda
51%
8 Wiltord
49%
5 Carew
45%
6 Pjanic
34%
5 Ferri
30%
5 Luyindula
18%
Aucun quiz correspondant
Distribution des résultats
% des personnes avec chaque résultat
Percentile par nombre de réponses
Votre historique - résultats
Vous n’avez pas pris ce quiz